| 000 | 00699nam a22002177a 4500 | ||
|---|---|---|---|
| 999 |
_c5965 _d5965 |
||
| 003 | AR-CdUCM | ||
| 008 | 190313b ||||| |||| 00| 0 spa d | ||
| 040 |
_aMUNICIPALIDAD PROVINCIAL DEL CUSCO _cBIBLIOTECA MUNICIPAL DEL CUSCO |
||
| 082 |
_a967.5 / _bZ58 |
||
| 100 |
_aZegarra, Hernan _917493 |
||
| 245 |
_aÁfrica : _bEn llamas / |
||
| 260 |
_aLima : _bEdiciones peruanas, |
||
| 300 |
_a92 paginas ; _c17 cm. |
||
| 500 | _aDonación de la familia Nieto | ||
| 505 | _aContenido : Revolución colonial en marcha -- La revolución congolesa ... | ||
| 650 |
_aPolítica _9291 |
||
| 650 |
_aHistoria africana _916347 |
||
| 650 |
_aHistoria universal _91423 |
||
| 942 |
_2ddc _cLIBROS |
||
| 945 | _arah | ||